| 000 | 00489pab a2200181 454500 | ||
|---|---|---|---|
| 008 | 180718b2009 xxu||||| |||| 00| 0 eng d | ||
| 100 | _aGould, Eric D. | ||
| 245 | _aDoes immigration affect the long-term educational outcomes of natives? Quasi-experimental evidence | ||
| 260 | _c2009 | ||
| 300 | _ap.1243-269. | ||
| 362 | _aOct | ||
| 650 | _aImmigration | ||
| 700 | _aPaserman, M. Daniele | ||
| 700 | _aLavy, Victor | ||
| 773 | _aEconomic Journal | ||
| 908 | _aN | ||
| 909 | _a84191 | ||
| 999 |
_c84191 _d84191 |
||